[Event "CZE-ch Amateurs"]
[Site "Hluk"]
[Date "2025.05.07"]
[Round "3"]
[White "Ocelak, Jakub"]
[Black "Svobodova, Michaela"]
[Result "0-1"]
[WhiteElo "2232"]
[BlackElo "2083"]
[PlyCount "42"]
[EventDate "2025.05.06"]
[EventType "swiss"]
[EventRounds "9"]
[EventCountry "CZE"]
[SourceTitle "CB20_2025"]
[SourceDate "2025.05.14"]
[SourceVersion "1"]
[SourceVersionDate "2025.05.14"]
[SourceQuality "1"]

1. Nf3 d5 2. c4 d4 3. g3 Nc6 4. Bg2 e5 5. d3 Bb4+ 6. Nbd2 a5 7. a3 Be7 8. b3 Nf6 9. 0-0 0-0 10. Qc2 Nd7 11. Re1 Nc5 12. Rb1 Bf5 13. Ne4 Bxe4 14. dxe4 d3 15. exd3 Qxd3 16. Qa2 Rfd8 17. Bb2 Nb4 18. axb4 axb4 19. Qxa8 Rxa8 20. Nxe5 Qxb3 21. Bd4 Qa4 0-1

[Event "WchT Seniors 50"]
[Site "Prague"]
[Date "2025.02.24"]
[Round "7.4"]
[White "Svobodova, Michaela"]
[Black "Keller, Christophe"]
[Result "1/2-1/2"]
[WhiteElo "2048"]
[BlackElo "1997"]
[PlyCount "132"]
[EventDate "2025.02.17"]
[EventType "team-swiss"]
[EventRounds "9"]
[EventCountry "CZE"]
[SourceTitle "CB09_2025"]
[SourceDate "2025.02.27"]
[SourceVersion "1"]
[SourceVersionDate "2025.02.27"]
[SourceQuality "1"]
[WhiteTeam "Czech Republic (W) 50"]
[BlackTeam "Philidor Brothers 50"]
[WhiteTeamCountry "CZE"]
[BlackTeamCountry "FRA"]

1. e4 e6 2. d4 d5 3. exd5 exd5 4. Nf3 Nc6 5. Bd3 Bg4 6. c3 Qd7 7. 0-0 Bd6 8. Re1+ Nge7 9. Nbd2 0-0 10. Qc2 Bf5 11. Ne5 Bxe5 12. dxe5 Bxd3 13. Qxd3 Ng6 14. Qg3 Ngxe5 15. Nf1 f6 16. Bf4 Qf7 17. Rad1 Rad8 18. Ne3 Kh8 19. Nf5 Rd7 20. h4 Qg6 21. Bxe5 fxe5 22. Qxg6 hxg6 23. Ne3 Rfd8 24. Ng4 Re7 25. f3 d4 26. cxd4 exd4 27. Rxe7 Nxe7 28. Ne5 Kg8 29. b4 Rd5 30. f4 a5 31. a3 axb4 32. axb4 b6 33. b5 Rxb5 34. Rxd4 Rd5 35. Ra4 Ra5 36. Rd4 Rd5 37. Ra4 Rd8 38. Ra7 Rc8 39. Kf2 Kh7 40. g4 Nd5 41. Kf3 c5 42. Ke4 Nf6+ 43. Kd3 Rd8+ 44. Ke3 Rd4 45. Ra8 Nd5+ 46. Kf3 Rxf4+ 47. Kg3 g5 48. h5 Nf6 49. Ng6 Rxg4+ 50. Kh3 Rg3+ 51. Kxg3 Nxh5+ 52. Kg4 Kxg6 53. Rb8 Nf6+ 54. Kg3 Kf5 55. Rxb6 Ne4+ 56. Kg2 c4 57. Kf3 g4+ 58. Ke3 Nc3 59. Rc6 Nd1+ 60. Ke2 Nb2 61. Ke3 Kg5 62. Rc7 g6 63. Rc6 c3 64. Ke2 Na4 65. Rc4 Nb6 66. Rxc3 Nd7 1/2-1/2

[Event "WchT Seniors 50"]
[Site "Prague"]
[Date "2025.02.21"]
[Round "5.3"]
[White "Nordenbaek, Jan"]
[Black "Svobodova, Michaela"]
[Result "1/2-1/2"]
[WhiteElo "2192"]
[BlackElo "2048"]
[PlyCount "36"]
[EventDate "2025.02.17"]
[EventType "team-swiss"]
[EventRounds "9"]
[EventCountry "CZE"]
[SourceTitle "CB09_2025"]
[SourceDate "2025.02.27"]
[SourceVersion "1"]
[SourceVersionDate "2025.02.27"]
[SourceQuality "1"]
[WhiteTeam "Denmark (50)"]
[BlackTeam "Czech Republic (W) 50"]
[WhiteTeamCountry "DEN"]
[BlackTeamCountry "CZE"]

1. e4 c5 2. c3 d5 3. exd5 Nf6 4. d4 cxd4 5. Qa4+ Nbd7 6. Qxd4 Nb6 7. Nf3 Qxd5 8. Qxd5 Nbxd5 9. Bb5+ Bd7 10. Bxd7+ Nxd7 11. 0-0 e6 12. Nbd2 Be7 13. Nb3 0-0 14. Bd2 Rac8 15. Rfe1 Rfd8 16. Rad1 Nc5 17. Nxc5 Bxc5 18. g3 Be7 1/2-1/2

[Event "Skalica op-A"]
[Site "Skalica"]
[Date "2023.08.26"]
[Round "8"]
[White "Sokolovsky, Jakub"]
[Black "Svobodova, Michaela"]
[Result "1/2-1/2"]
[WhiteElo "1908"]
[BlackElo "1960"]
[PlyCount "39"]
[EventDate "2023.08.19"]
[EventType "swiss"]
[EventRounds "9"]
[EventCountry "SVK"]
[SourceTitle "CBM 215 Extra"]
[Source "ChessBase"]
[SourceDate "2023.09.30"]
[SourceVersion "1"]
[SourceVersionDate "2023.09.30"]
[SourceQuality "1"]

1. e4 e5 2. Nf3 Nf6 3. Nxe5 d6 4. Nf3 Nxe4 5. Nc3 Nxc3 6. dxc3 Be7 7. Be3 Nc6 8. Qd2 Be6 9. 0-0-0 Qd7 10. Kb1 a6 11. Be2 Bf6 12. Ng5 Bxg5 13. Bxg5 f6 14. Be3 0-0-0 15. c4 Rhe8 16. Qc3 Bg4 17. Rhe1 Bxe2 18. Rxe2 Qg4 19. f3 Qf5 20. Rde1 1/2-1/2

[Event "Skalica op-A"]
[Site "Skalica"]
[Date "2023.08.19"]
[Round "1"]
[White "Brnusak, Tomas"]
[Black "Svobodova, Michaela"]
[Result "1-0"]
[WhiteElo "2238"]
[BlackElo "1960"]
[PlyCount "51"]
[EventDate "2023.08.19"]
[EventType "swiss"]
[EventRounds "9"]
[EventCountry "SVK"]
[SourceTitle "CBM 215 Extra"]
[Source "ChessBase"]
[SourceDate "2023.09.30"]
[SourceVersion "1"]
[SourceVersionDate "2023.09.30"]
[SourceQuality "1"]

1. e4 e5 2. Nf3 Nf6 3. Nxe5 d6 4. Nf3 Nxe4 5. Nc3 Nxc3 6. dxc3 Be7 7. Be3 Nc6 8. Qd2 Be6 9. b3 Bf6 10. h3 h6 11. g4 Qd7 12. Bg2 Ne7 13. Rd1 Nd5 14. Bd4 Qe7 15. 0-0 0-0 16. c4 Nb6 17. Rfe1 Nd7 18. Be3 Nc5 19. Nd4 Bxd4 20. Bxd4 Qh4 21. Qc3 h5 22. Bxg7 hxg4 23. Bf6 Qh5 24. hxg4 Qxg4 25. Rd4 Qg6 26. Rh4 1-0

[Event "CZE-ch Amateur"]
[Site "Hluk"]
[Date "2023.05.10"]
[Round "8"]
[White "Svobodova, Michaela"]
[Black "Ramis, Ondrej"]
[Result "1-0"]
[WhiteElo "1941"]
[BlackElo "1646"]
[PlyCount "105"]
[EventDate "2023.05.06"]
[EventType "swiss"]
[EventRounds "9"]
[EventCountry "CZE"]
[SourceTitle "CBM 214 Extra"]
[Source "ChessBase"]
[SourceDate "2023.07.31"]
[SourceVersion "1"]
[SourceVersionDate "2023.07.31"]
[SourceQuality "1"]

1. e4 c5 2. Nf3 d6 3. Bb5+ Nd7 4. 0-0 Ngf6 5. Re1 a6 6. Bf1 Qc7 7. a4 b6 8. d4 cxd4 9. Nxd4 g6 10. c4 Bg7 11. Nc3 0-0 12. Nd5 Nxd5 13. exd5 Re8 14. Bg5 Ne5 15. Rc1 Qc5 16. Qd2 Qxd4 17. Qxd4 Nf3+ 18. gxf3 Bxd4 19. Bxe7 Bd7 20. b3 Bb2 21. Rc2 Bf6 22. Rce2 Bc3 23. Rc1 Bb4 24. Rcc2 Bf5 25. Ra2 a5 26. Bf6 h5 27. Kg2 Bd7 28. Kg3 Rxe2 29. Rxe2 Re8 30. Rxe8+ Bxe8 31. Bh3 Bc5 32. Bc8 Kf8 33. f4 Kg8 34. f5 Kf8 35. f4 Kg8 36. Kh4 Kh7 37. Kg5 Kg8 38. Bc3 Bg1 39. h3 Bf2 40. fxg6 fxg6 41. Kf6 Kf8 42. Ke6 Bc5 43. Bf6 Bf7+ 44. Kd7 g5 45. fxg5 Bg6 46. Be7+ Kf7 47. Kd8 Bc2 48. Be6+ Kg6 49. Kc7 Bxb3 50. Bxd6 Bxd6+ 51. Kxd6 Bxc4 52. Ke7 b5 53. d6 1-0

[Event "CZE-ch Amateur"]
[Site "Hluk"]
[Date "2023.05.09"]
[Round "5"]
[White "Strnadova, Monika"]
[Black "Svobodova, Michaela"]
[Result "0-1"]
[WhiteElo "1738"]
[BlackElo "1941"]
[PlyCount "42"]
[EventDate "2023.05.06"]
[EventType "swiss"]
[EventRounds "9"]
[EventCountry "CZE"]
[SourceTitle "CBM 214 Extra"]
[Source "ChessBase"]
[SourceDate "2023.07.31"]
[SourceVersion "1"]
[SourceVersionDate "2023.07.31"]
[SourceQuality "1"]

1. d4 d5 2. Bf4 c5 3. Nf3 Nf6 4. e3 Nc6 5. c3 Qb6 6. Qb3 c4 7. Qxb6 axb6 8. Na3 Bf5 9. h3 e6 10. Nb5 Kd7 11. Nh4 Ra5 12. a4 Bc2 13. Na3 Bxa4 14. Nb1 Be7 15. Be2 Rha8 16. Nd2 b5 17. 0-0 b4 18. Nhf3 Bc2 19. Rxa5 Rxa5 20. Rc1 b3 21. Ne1 Bg6 0-1

[Event "South Moravia Region-chT 2223"]
[Site "Czech Republic"]
[Date "2023.02.26"]
[Round "9.5"]
[White "Loubal, Pavel"]
[Black "Svobodova, Michaela"]
[Result "1-0"]
[WhiteElo "1956"]
[BlackElo "1960"]
[PlyCount "109"]
[EventDate "2022.10.09"]
[EventType "team-tourn"]
[EventRounds "11"]
[EventCountry "CZE"]
[SourceTitle "EXT 2024"]
[Source "ChessBase"]
[SourceDate "2023.10.10"]
[SourceVersion "1"]
[SourceVersionDate "2023.10.10"]
[SourceQuality "1"]

1. d4 d5 2. Nf3 Nf6 3. c4 c6 4. Nc3 a6 5. Ne5 e6 6. e3 Nbd7 7. Nxd7 Bxd7 8. Bd3 Bd6 9. e4 dxe4 10. Nxe4 Nxe4 11. Bxe4 0-0 12. h3 Bb4+ 13. Bd2 Qa5 14. a3 Bxd2+ 15. Qxd2 Qxd2+ 16. Kxd2 Rab8 17. b4 Rfd8 18. Kc3 Be8 19. f4 f6 20. Rhe1 Bf7 21. Bf3 Re8 22. Re3 Bg6 23. g4 Kf7 24. h4 h6 25. a4 Ra8 26. a5 Rad8 27. Rae1 Bh7 28. Bg2 Bg6 29. Bh3 f5 30. g5 hxg5 31. hxg5 Rh8 32. Bg2 Rh4 33. Rf1 Rh2 34. Rf2 Rdh8 35. d5 exd5 36. cxd5 cxd5 37. Bxd5+ Kf8 38. Rxh2 Rxh2 39. Bxb7 Rf2 40. Rf3 Ra2 41. Kd4 Rb2 42. Kc3 Ra2 43. Rf1 Bf7 44. Bxa6 Ke7 45. Bc4 Bxc4 46. Kxc4 Kd6 47. Kb5 Kd5 48. Re1 g6 49. a6 Kd4 50. Re6 Kd5 51. Rxg6 Ke4 52. Re6+ Kxf4 53. g6 Kf3 54. g7 Rg2 55. a7 1-0

[Event "CZE-chT2E 2223"]
[Site "Czech Republic"]
[Date "2023.02.19"]
[Round "9.8"]
[White "Svobodova, Michaela"]
[Black "Bakos, Eduard"]
[Result "1/2-1/2"]
[WhiteElo "1973"]
[BlackElo "2069"]
[PlyCount "84"]
[EventDate "2022.10.16"]
[EventType "team-tourn"]
[EventRounds "11"]
[EventCountry "CZE"]
[SourceTitle "EXT 2024"]
[Source "ChessBase"]
[SourceDate "2023.10.10"]
[SourceVersion "1"]
[SourceVersionDate "2023.10.10"]
[SourceQuality "1"]
[WhiteTeam "Jundrov Jezdci II"]
[BlackTeam "Brno VSK Univ"]
[WhiteTeamCountry "CZE"]
[BlackTeamCountry "CZE"]

1. e4 c5 2. Nf3 d6 3. Bb5+ Bd7 4. Bxd7+ Qxd7 5. c4 Qg4 6. 0-0 Qxe4 7. d4 cxd4 8. Re1 Qg4 9. h3 Qd7 10. Nxd4 g6 11. Nc3 Bg7 12. Ndb5 Kf8 13. Bf4 Bxc3 14. Nxc3 Kg7 15. Qd2 e5 16. Bg3 Ne7 17. Rad1 Rd8 18. Ne4 Nbc6 19. Nxd6 Qe6 20. c5 b6 21. b4 bxc5 22. bxc5 f6 23. f4 Nf5 24. Nxf5+ Qxf5 25. Qf2 exf4 26. Bxf4 Rxd1 27. Rxd1 Rc8 28. g4 Qe6 29. Rd6 Qe7 30. Qd2 Ne5 31. Bxe5 Qxe5 32. Rd7+ Kg8 33. Rd8+ Rxd8 34. Qxd8+ Kf7 35. Qd7+ Qe7 36. Qd5+ Qe6 37. Qb7+ Qe7 38. c6 Ke8 39. c7 Qe1+ 40. Kg2 Qe2+ 41. Kg1 Qe1+ 42. Kg2 Qe2+ 1/2-1/2

[Event "Brno op"]
[Site "Brno"]
[Date "2022.11.16"]
[Round "5"]
[White "Svobodova, Michaela"]
[Black "Moser, Axel"]
[Result "1-0"]
[WhiteElo "1973"]
[BlackElo "2138"]
[PlyCount "39"]
[EventDate "2022.11.12"]
[EventType "swiss"]
[EventRounds "9"]
[EventCountry "CZE"]
[SourceTitle "CBM 211 Extra"]
[Source "ChessBase"]
[SourceDate "2023.01.31"]
[SourceVersion "1"]
[SourceVersionDate "2023.01.31"]
[SourceQuality "1"]

1. e4 e5 2. Nf3 Nc6 3. Nc3 Nf6 4. d4 Bb4 5. dxe5 Nxe4 6. Bd2 Nxd2 7. Qxd2 0-0 8. a3 Ba5 9. Bc4 Qe7 10. 0-0 Nxe5 11. Nxe5 Qxe5 12. b4 Bb6 13. Nd5 c6 14. Rfe1 Qh5 15. Ne7+ Kh8 16. Qd6 Rd8 17. Re4 Qh6 18. Nf5 Qf6 19. Qxf6 gxf6 20. Rae1 1-0

[Event "EU-ch (Women) 22nd"]
[Site "Prague"]
[Date "2022.08.31"]
[Round "11"]
[White "Kazarian, Anna Maja"]
[Black "Svobodova, Michaela"]
[Result "1-0"]
[WhiteElo "2139"]
[BlackElo "1943"]
[PlyCount "37"]
[EventDate "2022.08.20"]
[EventType "swiss"]
[EventRounds "11"]
[EventCountry "CZE"]
[SourceTitle "CBM 209 Extra"]
[Source "ChessBase"]
[SourceDate "2022.09.30"]
[SourceVersion "1"]
[SourceVersionDate "2022.09.30"]
[SourceQuality "1"]

1. e4 c5 2. Nf3 Nc6 3. Bb5 e5 4. Nc3 Bd6 5. 0-0 Nge7 6. d3 a6 7. Bc4 0-0 8. a4 Nd4 9. Nxd4 cxd4 10. Ne2 Bc7 11. Bg5 d6 12. f4 Be6 13. f5 Bxc4 14. f6 Ng6 15. dxc4 Re8 16. Ng3 Nf4 17. Nf5 gxf6 18. Bxf4 exf4 19. Qg4+ 1-0

[Event "EU-ch (Women) 22nd"]
[Site "Prague"]
[Date "2022.08.30"]
[Round "10"]
[White "Svobodova, Michaela"]
[Black "Lehaci, Miruna Daria"]
[Result "1/2-1/2"]
[WhiteElo "1943"]
[BlackElo "2186"]
[PlyCount "86"]
[EventDate "2022.08.20"]
[EventType "swiss"]
[EventRounds "11"]
[EventCountry "CZE"]
[SourceTitle "CBM 209 Extra"]
[Source "ChessBase"]
[SourceDate "2022.09.30"]
[SourceVersion "1"]
[SourceVersionDate "2022.09.30"]
[SourceQuality "1"]

1. e4 c5 2. Nf3 Nc6 3. Bb5 g6 4. 0-0 Bg7 5. Re1 e5 6. Bxc6 dxc6 7. h3 Qe7 8. d3 Nf6 9. a4 a5 10. Na3 Nd7 11. Nc4 b6 12. Bg5 f6 13. Be3 Ba6 14. Nfd2 0-0 15. f4 f5 16. Qf3 Qe6 17. Re2 fxe4 18. Qxe4 Qd5 19. Nxe5 Qxe4 20. Nxe4 Nxe5 21. fxe5 Bxe5 22. Nc3 Bg7 23. Rae1 Rae8 24. Bf2 Rxe2 25. Rxe2 Kf7 26. Bh4 Bd4+ 27. Bf2 Bf6 28. Be3 Re8 29. Kf2 Rd8 30. Kf3 Bg7 31. Bf2 Rd7 32. Re4 Re7 33. Rxe7+ Kxe7 34. Ke4 Bc8 35. Bh4+ Ke8 36. Bg3 Bf5+ 37. Ke3 Kd7 38. Bf4 h5 39. Bb8 Be6 40. Kf4 Bh6+ 41. Ke5 Bg7+ 42. Kf4 Bh6+ 43. Ke5 Bg7+ 1/2-1/2

[Event "EU-ch (Women) 22nd"]
[Site "Prague"]
[Date "2022.08.23"]
[Round "4"]
[White "Kucharska, Honorata"]
[Black "Svobodova, Michaela"]
[Result "1-0"]
[WhiteElo "2193"]
[BlackElo "1943"]
[PlyCount "71"]
[EventDate "2022.08.20"]
[EventType "swiss"]
[EventRounds "11"]
[EventCountry "CZE"]
[SourceTitle "CBM 209 Extra"]
[Source "ChessBase"]
[SourceDate "2022.09.30"]
[SourceVersion "1"]
[SourceVersionDate "2022.09.30"]
[SourceQuality "1"]

1. e4 c5 2. Nf3 e6 3. d4 cxd4 4. Nxd4 a6 5. c4 Nf6 6. Nc3 Qc7 7. Be3 Bb4 8. Qb3 Qa5 9. f3 d6 10. Be2 Nc6 11. a3 Bc5 12. Qd1 Bxd4 13. Bxd4 Nxd4 14. Qxd4 Ke7 15. b4 Qe5 16. Qd2 g5 17. 0-0 Bd7 18. Rad1 Rag8 19. Rfe1 h5 20. Bf1 Qf4 21. e5 Ne8 22. exd6+ Kf8 23. Qxf4 gxf4 24. Ne4 h4 25. Nc5 Nf6 26. h3 Rh5 27. Nxb7 e5 28. Kf2 Bc6 29. Nc5 Nd7 30. Nxd7+ Bxd7 31. Rd5 Rhg5 32. Rdxe5 R5g6 33. Rd1 Rg3 34. Re4 Be6 35. Rxf4 Bxc4 36. Rxc4 1-0

[Event "CZE-ch Amateur"]
[Site "Luhacovice"]
[Date "2022.03.14"]
[Round "4"]
[White "Svobodova, Michaela"]
[Black "Nemec, Pavel"]
[Result "1/2-1/2"]
[WhiteElo "2054"]
[BlackElo "2223"]
[PlyCount "82"]
[EventDate "2022.03.12"]
[EventType "swiss"]
[EventRounds "9"]
[EventCountry "CZE"]
[SourceTitle "EXT 2023"]
[Source "ChessBase"]
[SourceDate "2022.10.05"]
[SourceVersion "1"]
[SourceVersionDate "2022.10.05"]
[SourceQuality "1"]

1. e4 c5 2. Nf3 d6 3. d4 cxd4 4. Qxd4 Nc6 5. Bb5 Bd7 6. Bxc6 Bxc6 7. Nc3 h6 8. Be3 e5 9. Qd3 Nf6 10. 0-0-0 Be7 11. Kb1 Qa5 12. Nd2 b5 13. f3 Rb8 14. g4 Qc7 15. h4 b4 16. Nd5 Nxd5 17. exd5 Bb5 18. Qe4 Bd7 19. g5 g6 20. gxh6 Bf5 21. Qc4 Qxc4 22. Nxc4 b3 23. axb3 Rxb3 24. Kc1 Rb5 25. Bg5 f6 26. Bxf6 Rxh6 27. Rhe1 Rc5 28. Bg5 Bxg5+ 29. hxg5 Rh2 30. Nxd6+ Kd7 31. Nxf5 Rcxc2+ 32. Kb1 Rxb2+ 33. Ka1 Ra2+ 34. Kb1 Rhb2+ 35. Kc1 gxf5 36. Rxe5 Rg2 37. Kb1 a5 38. Rxf5 a4 39. Rf7+ Kc8 40. Rh1 Rab2+ 41. Ka1 Ra2+ 1/2-1/2

[Event "CZE-ch Amateur"]
[Site "Luhacovice"]
[Date "2022.03.14"]
[Round "3"]
[White "Svobodova, Michaela"]
[Black "Svacina, Tobias"]
[Result "1/2-1/2"]
[WhiteElo "2054"]
[BlackElo "1749"]
[PlyCount "94"]
[EventDate "2022.03.12"]
[EventType "swiss"]
[EventRounds "9"]
[EventCountry "CZE"]
[SourceTitle "EXT 2023"]
[Source "ChessBase"]
[SourceDate "2022.10.05"]
[SourceVersion "1"]
[SourceVersionDate "2022.10.05"]
[SourceQuality "1"]

1. e4 e5 2. Nf3 Nc6 3. Nc3 Nf6 4. d4 exd4 5. Nxd4 Nxe4 6. Nxe4 Qe7 7. f3 d5 8. Bb5 Bd7 9. Bxc6 bxc6 10. 0-0 dxe4 11. Re1 0-0-0 12. Rxe4 Qb4 13. Qf1 Bc5 14. c3 Qb5 15. Be3 Qxb2 16. Rb1 Qa3 17. Qc4 Bb6 18. Nxc6 Be6 19. Rxe6 fxe6 20. Qxe6+ Kb7 21. Nxd8+ Rxd8 22. c4 Qd3 23. Qe4+ Qxe4 24. fxe4 Rd3 25. Kf2 Kc6 26. c5 Bxc5 27. Bxc5 Kxc5 28. Rb7 Rd2+ 29. Kf3 Rd3+ 30. Ke2 Ra3 31. Rxc7+ Kd4 32. Rxg7 Kxe4 33. Rxh7 Rxa2+ 34. Kf1 a5 35. h4 Kf5 36. Rg7 a4 37. Ke1 a3 38. Kd1 Ra1+ 39. Kc2 Rh1 40. Kb3 Rxh4 41. Kxa3 Rg4 42. Rf7+ Kg5 43. Rf2 Kh4 44. Kb3 Kg3 45. Rd2 Kh2 46. Kc3 Rxg2 47. Rxg2+ Kxg2 1/2-1/2

[Event "CZE-chT2E 2122"]
[Site "Czech Republic"]
[Date "2021.11.07"]
[Round "2.5"]
[White "Svobodova, Michaela"]
[Black "Kapusta, Petr"]
[Result "1-0"]
[WhiteElo "2033"]
[BlackElo "2115"]
[PlyCount "149"]
[EventDate "2021.10.17"]
[EventType "team-tourn"]
[EventRounds "11"]
[EventCountry "CZE"]
[SourceTitle "EXT 2024"]
[Source "ChessBase"]
[SourceDate "2023.10.10"]
[SourceVersion "1"]
[SourceVersionDate "2023.10.10"]
[SourceQuality "1"]
[WhiteTeam "Jundrov Jezdci"]
[BlackTeam "Kromeriz Slavia II"]
[WhiteTeamCountry "CZE"]
[BlackTeamCountry "CZE"]

1. e4 c5 2. Nf3 d6 3. d4 cxd4 4. Qxd4 a6 5. c4 Nc6 6. Qd3 Nf6 7. Nc3 g6 8. Be2 Bg7 9. Be3 Ng4 10. Bg5 Qa5 11. 0-0 Be6 12. Nd5 f6 13. Bd2 Qd8 14. Qb3 Rb8 15. Bc3 0-0 16. Nd4 Bd7 17. c5 Kh8 18. cxd6 exd6 19. Rad1 Qe8 20. f3 Nxd4 21. Bxd4 Ba4 22. Qb4 Bxd1 23. Rxd1 Ne5 24. Qxd6 Rd8 25. Qb6 Rxd5 26. exd5 Nd7 27. Qe6 Qc8 28. Bd3 Re8 29. Qh3 f5 30. Qh4 Ne5 31. Qf4 Nxd3 32. Rxd3 Re1+ 33. Kf2 Qe8 34. Re3 Rxe3 35. Qxe3 Qa4 36. Bxg7+ Kxg7 37. Qe7+ Kh6 38. Qe3+ Kh5 39. f4 Kh6 40. Qh3+ Kg7 41. Qc3+ Kh6 42. Qd2 Qxa2 43. d6 Qg8 44. d7 Qd8 45. Qd4 a5 46. g3 b5 47. Qd6 a4 48. Qc6 Qa5 49. Ke2 b4 50. Qc8 Qb5+ 51. Ke3 Qb6+ 52. Kd3 Qd6+ 53. Kc4 Qe6+ 54. Kxb4 Qb3+ 55. Ka5 Qd5+ 56. Kxa4 Qa2+ 57. Kb5 Qxb2+ 58. Kc6 Qc3+ 59. Kb7 Qb4+ 60. Kc6 Qe4+ 61. Kd6 Qd4+ 62. Ke6 Qe4+ 63. Kf6 Qd4+ 64. Ke7 Qb4+ 65. Ke8 Qe4+ 66. Kd8 Kg7 67. Qc3+ Kf7 68. Qb3+ Kf8 69. Kc7 Qe7 70. Qb8+ Kf7 71. Kc8 Qe6 72. Qb5 Kf8 73. Kc7 Qf7 74. Qc5+ Kg7 75. Kc8 1-0